Six horses /

Bibliographic Details
Main Author: Banning, William
Other Authors: Banning, George Hugh, 1895-
Format: Book
Language:English
Published: New York : Century, [1930]
Subjects:

MARC

Tag First Indicator Second Indicator Subfields
LEADER 00000cam a2200000 a 4500
001 in00000075080
005 20151008060306.0
008 751029s1930 nyuabcf b 00110 engm
010 |a  30009516  
035 |a (OCoLC)01744707 
035 |9 AAJ5479AM 
040 |a DLC  |c TLM  |d TXA  |d UtOrBLW 
049 |a TXAM  |c [1196441] 
050 0 0 |a F593  |b .B21 
082 0 |a 978 
100 1 |a Banning, William. 
245 1 0 |a Six horses /  |c by William Banning and George Hugh Banning ; with a foreword by Major Frederick Russell Burnham. 
264 1 |a New York :  |b Century,  |c [1930] 
264 4 |c ©1930 
300 |a xx, 410 pages, 31 unnumbered leaves of plates :  |b illustrations, maps, portraits ;  |c 21 cm. 
336 |a text  |b txt  |2 rdacontent 
337 |a unmediated  |b n  |2 rdamedia 
338 |a volume  |b nc  |2 rdacarrier 
500 |a Maps on lining-papers. 
500 |a Acknowledgment signed: G.H.B. 
500 |a Includes index. 
504 |a Bibliography: pages 377-387. 
650 0 |a Overland journeys to the Pacific. 
650 0 |a Coaching (Transportation)  |z United States. 
700 1 |a Banning, George Hugh,  |d 1895- 
999 |a MARS 
999 f f |s 38c21436-871d-3b2f-a0be-39c927a697d9  |i 13a1d6c1-1ae6-3e9b-bf62-1ec046cd0791  |t 0 
952 f f |p ric  |a Texas A&M University  |b Rellis Campus  |c Joint Library Facility  |d Remote Storage  |t 0  |e F593 .B21  |h Library of Congress classification  |i unmediated -- volume  |m A14806110054 
998 f f |a F593 .B21  |t 0  |l Remote Storage